| 000 | 003900000a22001690004500 | ||
|---|---|---|---|
| 005 | 20120302062558.0 | ||
| 942 | _cBOOK | ||
| 100 | _a JASTRAW, JOSEPH | ||
| 245 | _a FREUD-HIS DREAM AND SEX THEORIES | ||
| 260 | _aCANADA: POCKET BOOKS INC.,1932 | ||
| 300 | _a290 P. | ||
| 040 | _aENG | ||
| 650 | _aPSYCHOLOGY | ||
| 650 | _a FREUD | ||
| 650 | _a SEX THEORY | ||
| 650 | _a PSYCHOANALYSIS | ||
| 999 |
_c357102 _d357099 |
||